| 000 | 01213cam a2200349 i 4500 | ||
|---|---|---|---|
| 001 | bg | ||
| 003 | KOSZ 005 | ||
| 005 | 20200630132831.0 | ||
| 008 | 080415s1964 pl f f 000 0 pol | ||
| 015 | _aPB 1964/4395 | ||
| 040 |
_aWA N _cKOSZ 005/RW _dKOSZ 005/RW |
||
| 041 | 1 |
_apol _hrus |
|
| 080 | _a517 | ||
| 080 | _a519.66 | ||
| 100 | 1 | _aRyžik, Iosif Moiseevič. | |
| 245 | 1 | 0 |
_aTablice całek, sum, szeregów i iloczynów / _cI. M. Ryżyk i I. S. Gradsztejn ; [tł. Roman Malesiński]. |
| 246 | 1 |
_iTyt. oryg.: _aTablicy integralov, summ, râdov i proizvedenij. |
|
| 260 |
_aWarszawa : _bPaństwowe Wydawnictwo Naukowe, _c1964. |
||
| 300 |
_a468 s. ; _c27 cm. |
||
| 380 | _aKsiążki | ||
| 504 | _aBibliogr. s.[466]. | ||
| 650 | 4 | _aMatematyka | |
| 655 | 4 | _aTablice i wzory | |
| 650 | 4 | _aRachunek całkowy | |
| 650 | 4 | _aSzeregi | |
| 655 | 4 | _aTablice matematyczne | |
| 700 | 1 | _aGradštejn, Izrail' Solomonovič. | |
| 700 | 1 |
_aMalesiński, Roman. _eTł. |
|
| 710 | 2 |
_aPaństwowe Wydawnictwo Naukowe _4pbl. |
|
| 856 |
_uhttp://koha.tu.koszalin.pl/cgi-bin/koha/opac-detail.pl?biblionumber=27198 _yKatalog online BPK |
||
| 942 |
_2UKD _cKS |
||
| 999 |
_c27198 _d27198 |
||